A gown of Spanish lace / (Record no. 167309)
[ view plain ]
| 000 -LEADER | |
|---|---|
| fixed length control field | 01006cam a2200301 i 4500 |
| 001 - CONTROL NUMBER | |
| control field | a3260835 |
| 003 - CONTROL NUMBER IDENTIFIER | |
| control field | SIRSI |
| 005 - DATE AND TIME OF LATEST TRANSACTION | |
| control field | 20241220153350.0 |
| 008 - FIXED-LENGTH DATA ELEMENTS--GENERAL INFORMATION | |
| fixed length control field | 220420s2023 nyu 000 1 eng d |
| 020 ## - INTERNATIONAL STANDARD BOOK NUMBER | |
| International Standard Book Number | 155661683X |
| 040 ## - CATALOGING SOURCE | |
| Original cataloging agency | RCL |
| Transcribing agency | RCL |
| Modifying agency | OCL |
| -- | UPB |
| Description conventions | rda |
| 082 ## - DEWEY DECIMAL CLASSIFICATION NUMBER | |
| Edition number | F Oke |
| 092 ## - LOCALLY ASSIGNED DEWEY CALL NUMBER (OCLC) | |
| Classification number | F Oke |
| 100 1# - MAIN ENTRY--PERSONAL NAME | |
| Personal name | Oke, Janette, |
| Dates associated with a name | 1935- |
| Relator term | author |
| 245 12 - TITLE STATEMENT | |
| Title | A gown of Spanish lace / |
| Statement of responsibility, etc | Janette Oke. |
| 260 ## - PUBLICATION, DISTRIBUTION, ETC. (IMPRINT) | |
| Place of publication, distribution, etc | Minneapolis, MN : |
| Name of publisher, distributor, etc | Bethany House Publishers, |
| Date of publication, distribution, etc | ©1995. |
| 264 #4 - Production, Publication, Distribution, Manufacture, and Copyright Notice. | |
| Place of production, publication, distribution, manufacture | Minneapolis, MN : |
| Name of producer, publisher, distributor, manufacturer | Bethany House Publishers, |
| Date of production, publication, distribution, manufacture, or copyr | ©1995. |
| 300 ## - PHYSICAL DESCRIPTION | |
| Extent | 251 p. ; |
| Dimensions | 21 cm. |
| 336 ## - Content Type | |
| Content type term | text |
| 337 ## - Media type | |
| Media type term | unmediated |
| 338 ## - Carrier type | |
| Carrier type term | volume |
| 490 1# - SERIES STATEMENT | |
| Series statement | Women of the West |
| 650 #0 - SUBJECT ADDED ENTRY--TOPICAL TERM | |
| Topical term or geographic name as entry element | Frontier and pioneer life |
| Geographic subdivision | West (U.S.) |
| Form subdivision | Fiction. |
| 9 (RLIN) | 5687767 |
| 650 #0 - SUBJECT ADDED ENTRY--TOPICAL TERM | |
| Topical term or geographic name as entry element | Women pioneers |
| Geographic subdivision | West (U.S.) |
| Form subdivision | Fiction. |
| 9 (RLIN) | 5751697 |
| 650 #0 - SUBJECT ADDED ENTRY--TOPICAL TERM | |
| Topical term or geographic name as entry element | Kidnapping victims |
| Geographic subdivision | West (U.S.) |
| Form subdivision | Fiction |
| 9 (RLIN) | 6419386 |
| 800 1# - SERIES ADDED ENTRY--PERSONAL NAME | |
| Personal name | Oke, Janette, |
| Dates associated with a name | 1935- |
| Title of a work | Women of the West. |
| 9 (RLIN) | 42214 |
| 942 ## - ADDED ENTRY ELEMENTS (KOHA) | |
| Source of classification or shelving scheme | Dewey Decimal Classification |
| Koha item type | BOOK |
| Withdrawn status | Lost status | Source of classification or shelving scheme | Damaged status | Not for loan | Collection code | Home library | Current library | Shelving location | Date acquired | Source of acquisition | Total Checkouts | Full call number | Barcode | Date last seen | Date checked out | Cost, replacement price | Price effective from | Koha item type |
|---|---|---|---|---|---|---|---|---|---|---|---|---|---|---|---|---|---|---|
| Dewey Decimal Classification | Fiction | Wasatch County Library | Wasatch County Library | First Floor | 05/01/2023 | Donation | 1 | F Oke | 34301001878950 | 03/24/2025 | 03/14/2025 | 15.00 | 05/01/2023 | BOOK |
